| 000 | 00572nam a22001697a 4500 | ||
|---|---|---|---|
| 005 | 20230518070846.0 | ||
| 008 | 221026b |||||||| |||| 00| 0 eng d | ||
| 082 | _aFil. 664.002 Al473 2007 | ||
| 100 |
_aAlvarez, Helen U. _eauthor |
||
| 245 |
_aLaboratory manual in food chemistry / _cHelen U. Alvarez, Gina Marie M. Cabuhal |
||
| 260 |
_aManila: _bMindshapers Co., _cc2007. |
||
| 300 |
_avii, 115p.: _bill. |
||
| 504 | _aIncludes bibliographical references | ||
| 541 | _e4242 | ||
| 650 | _aFood - Analysis - Handbooks, manuals, etc. | ||
| 700 |
_aCabuhal, Gina Marie M. _eauthor |
||
| 999 |
_c83 _d83 |
||